Computer fun for everyone : (Record no. 6969)
[ view plain ]
| 000 -LEADER | |
|---|---|
| fixed length control field | 00807nam a22002417a 4500 |
| 003 - CONTROL NUMBER IDENTIFIER | |
| control field | OSt |
| 005 - DATE AND TIME OF LATEST TRANSACTION | |
| control field | 20140310181920.0 |
| 008 - FIXED-LENGTH DATA ELEMENTS--GENERAL INFORMATION | |
| fixed length control field | 130718t xxu||||| |||| 00| 0 eng d |
| 020 ## - INTERNATIONAL STANDARD BOOK NUMBER | |
| International Standard Book Number | 9780471244509 |
| 050 ## - LIBRARY OF CONGRESS CALL NUMBER | |
| Classification number | TT 869.5 |
| Item number | .Sa25 1998 |
| 082 ## - DEWEY DECIMAL CLASSIFICATION NUMBER | |
| Classification number | TR 745.5 |
| Item number | S25 1998 |
| 100 ## - MAIN ENTRY--PERSONAL NAME | |
| Personal name | Saltveit, Elin Kordahl |
| 9 (RLIN) | 1604 |
| 245 ## - TITLE STATEMENT | |
| Title | Computer fun for everyone : |
| Remainder of title | great things to do and make with any computer / |
| Statement of responsibility, etc | by Elin Kordhal Saltveit with Mark Saltveit. |
| 260 ## - PUBLICATION, DISTRIBUTION, ETC. (IMPRINT) | |
| Place of publication, distribution, etc | New York : |
| Name of publisher, distributor, etc | John Wiley & Sons, Inc, |
| Date of publication, distribution, etc | c1998. |
| 300 ## - PHYSICAL DESCRIPTION | |
| Extent | 118 p. : |
| Other physical details | ill. ; |
| Dimensions | 21 cm. |
| 500 ## - GENERAL NOTE | |
| General note | Includes index. |
| 521 ## - TARGET AUDIENCE NOTE | |
| Target audience note | |
| 541 ## - IMMEDIATE SOURCE OF ACQUISITION NOTE | |
| -- | 1 |
| 562 ## - COPY AND VERSION IDENTIFICATION NOTE | |
| Number of copies | 1 |
| 650 ## - SUBJECT ADDED ENTRY--TOPICAL TERM | |
| Topical term or geographic name as entry element | Computer art |
| General subdivision | Juvenile literature |
| 9 (RLIN) | 1605 |
| 650 ## - SUBJECT ADDED ENTRY--TOPICAL TERM | |
| Topical term or geographic name as entry element | Handicraft |
| General subdivision | Data processing |
| -- | Juvenile literature |
| 9 (RLIN) | 1606 |
| 942 ## - ADDED ENTRY ELEMENTS (KOHA) | |
| Source of classification or shelving scheme | Library of Congress Classification |
| Koha item type | |
| Call number prefix | |
| Withdrawn status | Lost status | Source of classification or shelving scheme | Damaged status | Home library | Current library | Shelving location | Date acquired | Total Checkouts | Full call number | Barcode | Date last seen | Copy number | Price effective from | Koha item type |
|---|---|---|---|---|---|---|---|---|---|---|---|---|---|---|
| Library of Congress Classification | Luxembourg Library | Luxembourg Library | Teachers Reference Section | 07/18/2013 | TT 869.5 .Sa25 1998 | 7936 | 08/13/2013 | 1 | 07/18/2013 | Books |